00476nam a2200181 a 4500001001300000003000900013005001700022008004100039020002300080082001500103245004200118260003100160300000900191500003500200505001000235650002000245710002900265nice12345678IN_TiNIC20260116014228.0050524s2002 dela grp 000 0 eng  a8186962 c17500a305.8bALT aEconomic `reforms, Development Denied aDelhi bRainbow Pub c2002 a245p aincludes index and biblioraphy2 aIndex aEconomics-India2 aAlternative Survey Group